Tydskrif vir Hedendaagse Romeins-Hollandse Reg (Record no. 1344)

MARC details
000 -LEADER
fixed length control field 00474nam a22001577a 4500
005 - DATE AND TIME OF INPUT
control field 20240214144510.0
008 - DATA ELEMENTS--GENERAL INFORMATION
fixed length control field 240213b |||||||| |||| 00| 0 eng d
041 ## - LANGUAGE CODE
Language code of text Afrikaans / English
082 ## - SHELF NUMBER
DDC number 349 TYD
100 ## - MAIN AUTHOR
Language of a work Afrikaans / English
245 ## - TITLE STATEMENT
Title Tydskrif vir Hedendaagse Romeins-Hollandse Reg
260 ## - PUBLICATION, DISTRIBUTION, ETC.
Place of publication, distribution, etc. Durban :
Name of publisher, distributor, etc. Butterworth,
Date of publication, distribution, etc. 1992
300 ## - PHYSICAL DESCRIPTION
Other physical details 700 pages ;
Dimensions 25 cm.
650 ## - SUBJECT`
Broad subject Legal practice
Own subject terms Law
942 ## - ADDED ENTRY ELEMENTS (KOHA)
Item type Books
942 ## - ADDED ENTRY ELEMENTS (KOHA)
-- ALISON_BN_VRIES
Holdings
Source of classification or shelving scheme Volume number (bound volume or other part) Not for loan Collection code Home library Current library Shelving location Date acquired Full call number Barcode Price effective from Koha item type
Dewey Decimal Classification Volume 1 (Februarie)   SERIES LAW SOCIETY OF NAMIBIA LIBRARY - WINDHOEK LAW SOCIETY OF NAMIBIA LIBRARY - WINDHOEK Tydskrif vir hedendaages romeins hollandse reg 02/13/2024 349 TYD LSN/2023/243 02/13/2024 Books
Dewey Decimal Classification Volume 2 (Mei)   SERIES LAW SOCIETY OF NAMIBIA LIBRARY - WINDHOEK LAW SOCIETY OF NAMIBIA LIBRARY - WINDHOEK Tydskrif vir hedendaages romeins hollandse reg 02/13/2024 349 TYD LSN/2023/242 02/13/2024 Books
Dewey Decimal Classification Volume 3 (Augustus)   SERIES LAW SOCIETY OF NAMIBIA LIBRARY - WINDHOEK LAW SOCIETY OF NAMIBIA LIBRARY - WINDHOEK Tydskrif vir hedendaages romeins hollandse reg 02/13/2024 349 TYD LSN/2023/241 02/13/2024 Books
Dewey Decimal Classification Volume 4 (November)   SERIES LAW SOCIETY OF NAMIBIA LIBRARY - WINDHOEK LAW SOCIETY OF NAMIBIA LIBRARY - WINDHOEK Tydskrif vir hedendaages romeins hollandse reg 02/13/2024 349 TYD LSN/2023/240 02/13/2024 Books